000 00574nam a2200193 4500
001 143634
003 ES-MaACL
005 20231005121342.0
007 t|
008 070214s1971 sp r ||||1| spa d
100 1 _aSesen, F. M.
_9105879
245 1 1 _a¡¡Campeones!!
_b: ¡así ganamos la Liga! /
_cF. M. Sesen.
260 _aBarcelona :
_bTygris,
_c1971 (
_fIngesa)
300 _a70 h., 14 lám. :
_bil. ;
_c19 cm.
650 7 _9157821
_aFútbol
_zEspaña
852 _aES-MaACL
_b R.78240
_jC-45871
_9148822
_cDEPO2
942 _2udc
999 _c143634
_d143634